01431nam a22002897a 450000500170000000800410001701000150005802000260007303500130009903700130011204000130012508200150013824501560015326000410030927000430035030000320039350002180042550400510064350500900069452000960078460000740088065000470095470000260100170000300102770000330105771000510109020110401162313.0110401t xxu||||| |||| 00| 0 eng d aENG-102223 a9788190941662c600.00 aEN-85756 bDBAD/PUB adplbEng04a320.0122200aAbraham Lincoln without borders :bLincoln's legacy outside the United States /cedited by Jyotirmaya Tripathy, Sura P. Rath, [and] William D. Pederson aDelhi bPencraft Internationalc2010 aB-1/41, Ashok Vihar IIbDelhi e110052 a220 p. :bill. c23 cm (Hb) a"Published in association with the Forum on Contemporary Theory, Baroda; International Lincoln Centre, Louisiana State University in Shreveport, USA and Indian Institute of Technology Madras, Chennai"--T.p. verso. aIncludes bibliographical references and index.0 apt. 1. India in context -- pt. 2. Lincoln and Gandhi -- pt. 3. Lincoln outside India. aPapers presented at an international seminar held at IIT, Chennai, during Dec. 19-20, 2009.10aLincoln, Abraham,d1809-1865xPolitical and social viewsvCongresses. 0aPolitical sciencexPhilosophyvCongresses.1 aTripathy, Jyotirmaya.1 aRath, Sura Prasad,d1950-1 aPederson, William D.,d1946-2 aIndian Institute of Technology (Madras, India)